Top 10 countries with the most billionaires - Statistics

General Stats
  • This quiz has been taken 42 times
  • The average score is 8 of 10
Answer Stats
Hint Answer % Correct
626 China
97%
724 United States
97%
56 United Kingdom
95%
117 Russia
92%
64 Canada
87%
136 Germany
87%
140 India
87%
51 Italy
79%
65 Brazil
74%
71 Hong Kong
10%
No matching quizzes found
Score Distribution
Percent of People with Each Score
Percentile by Number Answered
Your Score History
You have not taken this quiz